| 000 -ლიდერი |
| ფიქსირებული სიგრძის საკონტროლო ველი |
02713nam a2200325Ia 4500 |
| 001 - საკონტროლო ნომერი |
| საკონტროლო ველი |
19736 |
| 003 - საკონტროლო ნომრის იდენტიფიკატორი |
| საკონტროლო ველი |
GE_BSU |
| 005 - ბოლო ოპერაციის თარიღი და დრო |
| საკონტროლო ველი |
20200416000400.0 |
| 008 - ფიქსირებული სიგრძის მონაცემთა ელემენტები - ზოგადი ინფორმაცია |
| ფიქსირებული სიგრძის საკონტროლო ველი |
181216s2014||||ge |||||||||||||| ||geo|| |
| 020 ## - წიგნის საერთაშორისო სტანდარტული ნომერი |
| International Standard Book Number |
9789941068393 |
| 040 ## - კატალოგიზაციის წყარო |
| Transcribing agency |
GE_BSU |
| 041 ## - ენის კოდი |
| Language code of text/sound track or separate title |
geo |
| 080 ## - უნივერსალური ათობითი კლასიფიკაციის ინდექსი |
| Universal Decimal Classification number |
77.04(479.22) წ-50 |
| 100 ## - მთავარი ჩანაწერი - პიროვნების სახელი |
| Personal name |
წიბახაშვილი, გ. (გურამ) |
| 9 (RLIN) |
7911 |
| 245 ## - ცნობა სათაურის შესახებ |
| Title |
Ulyss : |
| Remainder of title |
[ფოტოალბომი] / |
| Statement of responsibility, etc |
მთარგმნ. და რედ. თამარ სულამანიძე ; გიორგი კეკელიძე ტექსტ. ავტ. , ზურაბ ქარუმიძე ტექსტ. ავტ. , ხათუნა ხაბულიანი ტექსტ. ავტ. , შალვა ყიფშიძე ტექსტ. ავტ. , გურამ კაპანაძე ტექსტ. ავტ. ხ. (ხათუნა), ტექსტ. ავტ. ყიფშიძე, შ. (შალვა) ტექსტ. ავტ. , კაპანაძე, გ. (გურამ) ტექსტ. ავტ. |
| 264 ## - წარმოების, გამოცემის, დისტრიბუციის და სხვა ცნობები |
| გამოცემის, წარმოების, დისტრიბუციის... ადგილი |
თბილისი : |
| გამოცემის, წარმოების, დისტრიბუციის... სახელწოდება |
საქართველოს პარლამენტის ეროვნული ბიბლიოთეკა, |
| გამოცემის, წარმოების, დისტრიბუციის... თარიღი |
2014. |
| 300 ## - ფიზიკური აღწერა |
| Extent |
196 გვ. ; |
| Other physical details |
ფოტ. ; |
| Dimensions |
18 სმ. |
| 500 ## - ზოგადი შენიშვნა |
| General note |
ტექსტი ქართ. და ინგლ.პროექტის მხარდამჭერი : ააიპ "პილოტები" |
| 520 ## - SUMMARY, ETC. |
| Summary, etc |
ტექსტი ქართ. და ინგლ.პროექტის მხარდამჭერი: ააიპ "პილოტები". |
| 653 ## - INDEX TERM--UNCONTROLLED |
| Uncontrolled term |
ფოტოგრაფია |
| 653 ## - INDEX TERM--UNCONTROLLED |
| Uncontrolled term |
ქართული მხატვრული ფოტოგრაფია |
| 700 ## - ADDED ENTRY--PERSONAL NAME |
| Personal name |
სულამანიძე, თამარ |
| Relator term |
მთარგმნელი და რედაქტორი |
| 9 (RLIN) |
7912 |
| 700 ## - ADDED ENTRY--PERSONAL NAME |
| Personal name |
კეკელიძე, გ. (გიორგი) |
| Relator term |
ტექსტის ავტორი |
| 9 (RLIN) |
7913 |
| 700 ## - ADDED ENTRY--PERSONAL NAME |
| Personal name |
ქარუმიძე, ზ. (ზურაბ) |
| Relator term |
ტექსტის ავტორი |
| 9 (RLIN) |
7914 |
| 700 ## - ADDED ENTRY--PERSONAL NAME |
| Personal name |
ხაბულიანი, ხ. (ხათუნა) |
| Relator term |
ტექსტის ავტორი |
| 9 (RLIN) |
7915 |
| 700 ## - ADDED ENTRY--PERSONAL NAME |
| Personal name |
ყიფშიძე, შ. (შალვა) |
| Relator term |
ტექსტის ავტორი |
| 9 (RLIN) |
7916 |
| 700 ## - ADDED ENTRY--PERSONAL NAME |
| Personal name |
კაპანაძე, გ. (გურამ) |
| Relator term |
ტექსტის ავტორი |
| 9 (RLIN) |
7917 |
| 710 ## - ADDED ENTRY--CORPORATE NAME |
| Corporate name or jurisdiction name as entry element |
საქართველოს პარლამენტის ეროვნული ბიბლიოთეკა |
| 9 (RLIN) |
7897 |
| 942 ## - ADDED ENTRY ELEMENTS (KOHA) |
| Koha item type |
წიგნი |
| Source of classification or shelving scheme |
|